UM Logo

Non-big 4 local market leadership and its effect on competition/ (Record no. 7440)

MARC details
000 -LEADER
fixed length control field 00732nam a2200181 4500
008 - FIXED-LENGTH DATA ELEMENTS--GENERAL INFORMATION
fixed length control field 170913b xxu||||| |||| 00| 0 eng d
022 ## - INTERNATIONAL STANDARD SERIAL NUMBER
International Standard Serial Number 00014826
082 ## - DEWEY DECIMAL CLASSIFICATION NUMBER
Classification number DPer 657.05 Ac27 May 2016 v. 91, n. 3
100 ## - MAIN ENTRY--PERSONAL NAME
9 (RLIN) 22549
Personal name Keune, Marsha B.
245 ## - TITLE STATEMENT
Title Non-big 4 local market leadership and its effect on competition/
Statement of responsibility, etc. Marsha B. Keune, Brian W. Mayhew and Jaime J. Schmidt.
260 ## - PUBLICATION, DISTRIBUTION, ETC. (IMPRINT)
Place of publication, distribution, etc. Sarasota, Florida:
Name of publisher, distributor, etc. American, Accounting Association,
Date of publication, distribution, etc. ©2016.
300 ## - PHYSICAL DESCRIPTION
Extent v91 n3, pages 907-931:
Other physical details illustrations;
Dimensions 28 cm.
500 ## - GENERAL NOTE
General note The accounting review.
650 #0 - SUBJECT ADDED ENTRY--TOPICAL TERM
9 (RLIN) 22552
Topical term or geographic name as entry element Leadership
General subdivision Market competition
700 ## - ADDED ENTRY--PERSONAL NAME
9 (RLIN) 22550
Personal name Mayhew, Brian W.
Relator term Author.
700 ## - ADDED ENTRY--PERSONAL NAME
9 (RLIN) 22551
Personal name Schmidt, Jaime J.
Relator term Author.
942 ## - ADDED ENTRY ELEMENTS (KOHA)
Source of classification or shelving scheme Dewey Decimal Classification
Koha item type Periodicals
Holdings
Withdrawn status Lost status Source of classification or shelving scheme Damaged status Not for loan Collection code Home library Current library Date acquired Total Checkouts Full call number Date last seen Price effective from Koha item type Public note
    Dewey Decimal Classification     Periodicals UM Digos College - LIC UM Digos College - LIC 09/13/2017   DPer 657.05 Ac27 May 2016 v. 91, n. 3 09/13/2017 09/13/2017 Periodicals Periodical article